Khảo sát một số biện pháp kỹ thuật của thuỷ canh cải mầm : Luận văn Thạc sĩ Khoa học Nông nghiệp chuyên ngành Trồng trọt

Đề tài khảo sát một số biện pháp của thuỷ canh cải mầm nhằm cải tiến quy trình canh tác cải mầm cho nâng suất, chất lượng và hiệu quả cao nhằm đáp ứng yêu cầu của người tiêu dùng địa phương...

全面介紹

Đã lưu trong:
書目詳細資料
主要作者: Ngô, Thị Hồng Yến
格式: 圖書
語言:Undetermined
出版: Cần Thơ Trường Đại học Cần Thơ 2011
主題:
標簽: 添加標簽
沒有標簽, 成為第一個標記此記錄!
Thư viện lưu trữ: Trung tâm Học liệu Trường Đại học Cần Thơ
LEADER 01124nam a2200217Ia 4500
001 CTU_171199
008 210402s9999 xx 000 0 und d
082 |a 635.5 
082 |b Y603 
088 |a 606201 
100 |a Ngô, Thị Hồng Yến 
245 0 |a Khảo sát một số biện pháp kỹ thuật của thuỷ canh cải mầm : 
245 0 |b Luận văn Thạc sĩ Khoa học Nông nghiệp chuyên ngành Trồng trọt 
245 0 |c Ngô Thị Hồng Yến ; Trần Thị Ba ( Hướng dẫn khoa học ) 
260 |a Cần Thơ 
260 |b Trường Đại học Cần Thơ 
260 |c 2011 
520 |a Đề tài khảo sát một số biện pháp của thuỷ canh cải mầm nhằm cải tiến quy trình canh tác cải mầm cho nâng suất, chất lượng và hiệu quả cao nhằm đáp ứng yêu cầu của người tiêu dùng địa phương 
650 |a Rau vườn,Vegetable gardening 
904 |i Tuyền, Hải 
980 |a Trung tâm Học liệu Trường Đại học Cần Thơ